| 000 | 00493pab a2200181 454500 | ||
|---|---|---|---|
| 008 | 180718b2018 xxu||||| |||| 00| 0 eng d | ||
| 100 | _aNatrajan, Balmurli | ||
| 245 | _aProvincialising vegetarianism: putting Indian food habits in their place | ||
| 260 | _c2018 | ||
| 300 | _ap.54-64. | ||
| 362 | _a3 Mar | ||
| 650 | _aVegetarianism | ||
| 650 | _aFood habits - India | ||
| 650 | _aFood habits | ||
| 700 | _aJacob, Suraj | ||
| 773 | _aEconomic and Political Weekly | ||
| 909 | _a116981 | ||
| 999 |
_c116975 _d116975 |
||